00308nam a2200121Ia 4500008004100000041000800041082001200049100002000061245003200081260003000113300003200143365001100175240624s9999 xx 000 0 und d aeng a920 LAR aLARSEN KRISTINE aSTEPHEN HAWKING A BIOGRAPHY c2010aMumbaibJaico Books axvii, : 165 : p. : cm. ; 24 cRSb30